000
00252nam a2200097Ia 4500
001
695001
005
20250826161944.0
008
250824s9999 xx 000 0 und d
245
0
_a
EFLATUN BEYLE RAKIM EFENDİİ
_c
AHMET MİTHAT EFENDİ
260
_b
AKVARYUM
999
_c
695001
_d
695001